000 004090000a22001690004500
003 MACL
005 20160106170927.0
008 160106b xxu||||| |||| 00| 0 eng d
040 _aMACL
_cMACL
041 _aEnglish
082 _a823/GRA
100 _aGraves, Clo
_929017
245 _aMaids in A Market Garden
260 _bHolden & Hardingham
_aLondon
650 _aNovel
_9153
942 _cBK
_k823/GRA
_2ddc
999 _c38906
_d38906